| 000 | 01314nam0a2200289 4500 | ||
|---|---|---|---|
| 001 | RU\NLR\BIBL_A\011596422 | ||
| 005 | 20250626095144.0 | ||
| 010 |
_a978-5-298-03331-2 _93200 |
||
| 021 |
_aRU _b2017-66719 _94719 |
||
| 035 | _a(NLR Aleph) 011596422 | ||
| 090 |
_a10863937 _c10863937 |
||
| 100 | _a20180117d2017 |||y0rusy50 ca | ||
| 101 | 0 | _atat | |
| 102 | _aRU | ||
| 105 | _aa z 000 y | ||
| 200 | 1 |
_aТатар теле _e7 с-ф _eтатар телендә гомуми белем бирү оешмалары өчен уку әсбабы _fР. Г. Хәсәншина |
|
| 210 |
_aКазан _cТатар. кит. нәшр. _d2017 |
||
| 215 |
_a175 б. _d22 |
||
| 541 | 1 |
_6z01790 _aТатарский язык _e7 кл. _eучеб. пособие для общеобразоват. орг. с обучением на татар. яз. _zrus |
|
| 606 | 1 |
_aТатарский язык _jУчебные издания для средней школы _91481084 _3RU\NLR\AUTH\66630778 |
|
| 686 | 1 | _aШ163.23-922.1[7] | |
| 700 | 1 |
_aХәсәншина _bР. Г. кызы _gРәзидә Гатаулла кызы _4070 |
|
| 790 | 1 |
_6z01541 _aХасаншина _bР. Г. _gРазидя Гатаулловна _4070 |
|
| 852 |
_aNLR _bОНЛ _jТатар./3-15030 |
||
| 942 | _cBOOK | ||
| 980 | _aNB | ||